[Event "Francia ch 2007 Femenino"]
[Site "Aix-les-Bains FRA"]
[Date "2007.08.13"]
[Round "1.1"]
[White "Benmesbah, Natacha"]
[Black "Muller, Anne"]
[Result "1/2-1/2"]
[WhiteElo "2220"]
[BlackElo "2179"]
[PlyCount "52"]
[EventDate "2007.08.13"]
[EventType "tourn"]
[EventRounds "11"]
[EventCountry "FRA"]
[Source "lmi"]
[SourceDate "2007.08.13"]

1. e4 c5 2. b3 Nc6 3. Bb2 d6 4. Bb5 e5 5. Nf3 Nf6 6. d3 Be7 7. O-O O-O 8. Bxc6
bxc6 9. Nbd2 Ne8 10. c3 f5 11. exf5 Bxf5 12. Qe2 Nf6 13. Rfe1 Nd5 14. g3 Qe8
15. d4 exd4 16. cxd4 Qh5 17. Nh4 Qxe2 18. Rxe2 Bxh4 19. gxh4 Nf4 20. Re7 Nd3
21. Bc3 Rf7 22. Rxf7 Kxf7 23. dxc5 Nxc5 24. Nc4 Ne4 25. Bb2 Rd8 26. Rd1 Ke6
1/2-1/2

[Event "Francia ch 2007 Femenino"]
[Site "Aix-les-Bains FRA"]
[Date "2007.08.13"]
[Round "1.2"]
[White "Milliet, Sophie"]
[Black "Congiu, Mathilde"]
[Result "1-0"]
[WhiteElo "2414"]
[BlackElo "2159"]
[PlyCount "85"]
[EventDate "2007.08.13"]
[EventType "tourn"]
[EventRounds "11"]
[EventCountry "FRA"]
[Source "lmi"]
[SourceDate "2007.08.13"]

1. e4 e5 2. Nf3 Nc6 3. Bb5 a6 4. Ba4 Nf6 5. O-O Bc5 6. c3 b5 7. Bc2 d6 8. d4
Bb6 9. a4 Bg4 10. axb5 axb5 11. Rxa8 Qxa8 12. h3 Bh5 13. d5 Na7 14. Na3 O-O 15.
Bg5 Nd7 16. Qe2 h6 17. Bc1 c6 18. Rd1 Nf6 19. c4 b4 20. Nb1 cxd5 21. cxd5 Qc8
22. Bd3 Nh7 23. Be3 Bxe3 24. Qxe3 Qd7 25. Nbd2 Rc8 26. Ra1 Rc7 27. Kh2 Bxf3 28.
Nxf3 Nc8 29. Ra8 Nf8 30. Ba6 Ne7 31. Qb6 Neg6 32. Nd2 Qe7 33. Nc4 Qf6 34. Nxd6
Rc2 35. Kg1 Nh4 36. Bf1 Nf3+ 37. gxf3 Qg6+ 38. Kh1 Qf6 39. Kg1 Qg5+ 40. Kh1 Qf6
41. Rxf8+ Kxf8 42. Qb8+ Ke7 43. Nf5+ 1-0

[Event "Francia ch 2007 Femenino"]
[Site "Aix-les-Bains FRA"]
[Date "2007.08.13"]
[Round "1.3"]
[White "Flear, Christine"]
[Black "Collas, Silvia"]
[Result "0-1"]
[WhiteElo "2161"]
[BlackElo "2393"]
[PlyCount "74"]
[EventDate "2007.08.13"]
[EventType "tourn"]
[EventRounds "11"]
[EventCountry "FRA"]
[Source "lmi"]
[SourceDate "2007.08.13"]

1. Nf3 c5 2. b3 b6 3. g3 Bb7 4. Bg2 e5 5. d3 d6 6. e4 Nc6 7. O-O g6 8. c4 Bg7
9. Nc3 f5 10. exf5 e4 11. Bg5 exf3 12. Bxd8 fxg2 13. Re1+ Kxd8 14. Nb5 Nd4 15.
Nxd4 Bxd4 16. Re6 Kc7 17. Rc1 Rf8 18. g4 gxf5 19. g5 f4 20. Qh5 Bc6 21. Rce1 f3
22. Qh4 Bd7 23. R6e4 Bc3 24. Rc1 Be5 25. Rce1 Ne7 26. Rxe5 dxe5 27. b4 Ng6 28.
Qg3 cxb4 29. Rxe5 Nxe5 30. Qxe5+ Kb7 31. Qe7 Rd8 32. Qf7 Rhf8 33. Qe7 Rfe8 34.
Qxb4 Bc6 35. Qc3 Rxd3 36. Qg7+ Ka6 37. Qa1 Red8 0-1

[Event "Francia ch 2007 Femenino"]
[Site "Aix-les-Bains FRA"]
[Date "2007.08.13"]
[Round "1.4"]
[White "Fruteau, Sabine"]
[Black "Leconte, Maria"]
[Result "0-1"]
[WhiteElo "2170"]
[BlackElo "2352"]
[PlyCount "76"]
[EventDate "2007.08.13"]
[EventType "tourn"]
[EventRounds "11"]
[EventCountry "FRA"]
[Source "lmi"]
[SourceDate "2007.08.13"]

1. e4 e6 2. d4 d5 3. exd5 exd5 4. Bf4 Bd6 5. Bxd6 Qxd6 6. c3 Nf6 7. Nf3 O-O 8.
Be2 Ne4 9. O-O b6 10. Nbd2 Nd7 11. Qc2 Bb7 12. Bd3 f5 13. c4 c6 14. Rac1 Rac8
15. Qa4 a6 16. Qb3 Kh8 17. c5 bxc5 18. Bxe4 fxe4 19. dxc5 Nxc5 20. Qb4 exf3 21.
Nxf3 Ne4 22. Qxb7 c5 23. Rcd1 Nf6 24. Rfe1 Rb8 25. Qa7 Nd7 26. Re2 d4 27. Ng5
d3 28. Re6 Qd5 29. Re7 Qxg5 30. Rxd7 Rxb2 31. Rf7 Rbb8 32. Rxf8+ Rxf8 33. Qxa6
Rd8 34. h4 Qd5 35. Qa5 c4 36. Qd2 Qd4 37. Rc1 Re8 38. Qb4 d2 0-1

[Event "Francia ch 2007 Femenino"]
[Site "Aix-les-Bains FRA"]
[Date "2007.08.13"]
[Round "1.5"]
[White "Wohlers-Armas, Friederike"]
[Black "Lallemand, Roza"]
[Result "1-0"]
[WhiteElo "2120"]
[BlackElo "2235"]
[PlyCount "95"]
[EventDate "2007.08.13"]
[EventType "tourn"]
[EventRounds "11"]
[EventCountry "FRA"]
[Source "lmi"]
[SourceDate "2007.08.13"]

1. d4 Nf6 2. c4 g6 3. Nc3 Bg7 4. e4 d6 5. f3 O-O 6. Be3 Nc6 7. Nge2 a6 8. Qd2
Rb8 9. Bh6 b5 10. Bxg7 Kxg7 11. cxb5 axb5 12. d5 Ne5 13. Nd4 b4 14. Ncb5 Bd7
15. Qxb4 c5 16. dxc6 Nxc6 17. Nxc6 Bxc6 18. a4 Qb6 19. Qd4 Qa6 20. b4 Qb7 21.
Be2 Bxb5 22. Bxb5 Rfd8 23. O-O e5 24. Qe3 Nh5 25. g3 d5 26. exd5 Qxd5 27. Rad1
Qxd1 28. Qxe5+ Nf6 29. Rxd1 Rxd1+ 30. Kg2 Rd2+ 31. Kh3 Rc8 32. g4 h6 33. f4 Rd5
34. Qb2 g5 35. fxg5 hxg5 36. Be2 Rcd8 37. Bf3 Rd4 38. b5 Rf4 39. Kg2 Rd3 40. b6
Kh6 41. b7 Nd7 42. Qh8+ Kg6 43. Qh5+ Kf6 44. Qh6+ Ke7 45. Qxg5+ Rf6 46. Bc6 Nb8
47. Qe5+ Re6 48. Qxb8 1-0

[Event "Francia ch 2007 Femenino"]
[Site "Aix-les-Bains FRA"]
[Date "2007.08.13"]
[Round "1.6"]
[White "Nicoara, Malina"]
[Black "Guichard, Pauline"]
[Result "1/2-1/2"]
[WhiteElo "2216"]
[BlackElo "2278"]
[PlyCount "122"]
[EventDate "2007.08.13"]
[EventType "tourn"]
[EventRounds "11"]
[EventCountry "FRA"]
[Source "lmi"]
[SourceDate "2007.08.13"]

1. d4 Nf6 2. c4 e6 3. Nc3 Bb4 4. a3 Bxc3+ 5. bxc3 b6 6. Bg5 Bb7 7. f3 d6 8. e4
Nbd7 9. Bd3 e5 10. Ne2 O-O 11. O-O Re8 12. g4 Nf8 13. Ng3 Ne6 14. Be3 Bc8 15.
Qc1 Nd7 16. Ra2 Ndf8 17. Rd1 Ng6 18. c5 Qf6 19. Nf5 Nef4 20. Bb5 Rf8 21. cxd6
cxd6 22. dxe5 dxe5 23. Rd6 Be6 24. Rad2 Rad8 25. Qd1 Rxd6 26. Rxd6 Qg5 27. Kh1
h5 28. Qg1 hxg4 29. Qxg4 Qxg4 30. fxg4 Rc8 31. Bd2 Rc7 32. h4 Kh7 33. h5 Ne7
34. Kh2 Bxf5 35. exf5 Ned5 36. c4 Nf6 37. Bxf4 exf4 38. g5 Nxh5 39. Kh3 Ng3 40.
Kg4 Ne2 41. g6+ fxg6 42. fxg6+ Kh6 43. Rd2 f3 44. Kxf3 Nc3 45. Be8 Rxc4 46. Rd7
a5 47. Rb7 Nd5 48. Bf7 Rc3+ 49. Kg4 Nf6+ 50. Kh4 Rxa3 51. Rxb6 Rd3 52. Ra6 Rd4+
53. Kg3 a4 54. Ra8 Nd7 55. Be8 Nc5 56. Ra5 Rc4 57. Bf7 Rc1 58. Kh4 Rh1+ 59. Kg4
Rg1+ 60. Kh4 Rh1+ 61. Kg4 Rg1+ 1/2-1/2

[Event "Francia ch 2007 Femenino"]
[Site "Aix-les-Bains FRA"]
[Date "2007.08.13"]
[Round "2.1"]
[White "Muller, Anne"]
[Black "Guichard, Pauline"]
[Result "1/2-1/2"]
[WhiteElo "2179"]
[BlackElo "2278"]
[PlyCount "73"]
[EventDate "2007.08.13"]
[EventType "tourn"]
[EventRounds "11"]
[EventCountry "FRA"]
[Source "lmi"]
[SourceDate "2007.08.13"]

1. e4 c5 2. Nf3 Nc6 3. d4 cxd4 4. Nxd4 e5 5. Nb5 d6 6. N1c3 a6 7. Na3 b5 8. Nd5
Nge7 9. c4 Nd4 10. Be3 Nxd5 11. cxd5 g6 12. Bd3 Bg7 13. O-O O-O 14. Nc2 Nxc2
15. Qxc2 Bd7 16. Rac1 Rc8 17. Qd2 f5 18. exf5 gxf5 19. f3 f4 20. Bf2 Qg5 21.
Kh1 Kh8 22. Rxc8 Rxc8 23. Rc1 Qd8 24. b3 Kg8 25. Kg1 Bf6 26. Rxc8 Qxc8 27. Qc2
Qxc2 28. Bxc2 Be8 29. Kf1 Kg7 30. Ke2 Bg6 31. Be4 Bxe4 32. fxe4 Bd8 33. Ba7 Kf7
34. Kf3 h5 35. a3 Bh4 36. Ke2 Ke7 37. Bb6 1/2-1/2

[Event "Francia ch 2007 Femenino"]
[Site "Aix-les-Bains FRA"]
[Date "2007.08.13"]
[Round "2.2"]
[White "Lallemand, Roza"]
[Black "Nicoara, Malina"]
[Result "1-0"]
[WhiteElo "2235"]
[BlackElo "2216"]
[PlyCount "223"]
[EventDate "2007.08.13"]
[EventType "tourn"]
[EventRounds "11"]
[EventCountry "FRA"]
[Source "lmi"]
[SourceDate "2007.08.13"]

1. e4 d5 2. exd5 Nf6 3. d4 Bg4 4. f3 Bf5 5. Bb5+ Bd7 6. Bc4 b5 7. Bb3 Bf5 8. a4
b4 9. c4 bxc3 10. Nxc3 a5 11. Nge2 Na6 12. Ng3 Bc8 13. Nge4 Nb4 14. Nxf6+ exf6
15. O-O Ba6 16. Nb5 Bxb5 17. axb5 Bd6 18. Re1+ Kf8 19. Bd2 h5 20. Ba4 g6 21. b6
cxb6 22. Re8+ Qxe8 23. Bxe8 Rxe8 24. Bxb4 Bxb4 25. Qc2 Kg7 26. Qc6 Rd8 27. Rc1
Rhe8 28. Qb7 Re7 29. Rc7 Rxc7 30. Qxc7 Rd6 31. Kf2 Kg8 32. Ke3 Kg7 33. Kd3 Rxd5
34. Qxb6 Rd7 35. Kc4 Rd6 36. Qc7 Kg8 37. d5 Kg7 38. Qb7 Rd8 39. Qc7 Rd6 40. h4
Kg8 41. g4 hxg4 42. fxg4 Kg7 43. Qb8 Rd7 44. Qc8 Re7 45. Kd3 Re1 46. Qc2 Rh1
47. Qf2 Rd1+ 48. Kc4 Rd2 49. Qf4 Rxb2 50. h5 Rd2 51. h6+ Kh7 52. Qxf6 Kxh6 53.
Qxf7 Kg5 54. Qe6 Rf2 55. d6 Bxd6 56. Qxd6 Rf4+ 57. Kd3 Rxg4 58. Qd8+ Kh6 59.
Qxa5 Rh4 60. Ke3 Rh5 61. Qd8 Rf5 62. Qh8+ Kg5 63. Ke4 Rf4+ 64. Ke5 Rf5+ 65. Ke6
Kg4 66. Qh7 Kg5 67. Qh3 Rf6+ 68. Ke7 Rf5 69. Ke8 Rf6 70. Qg3+ Kh5 71. Ke7 Rf5
72. Qh2+ Kg5 73. Qh3 Rf4 74. Qg3+ Kf5 75. Kf7 g5 76. Kg7 g4 77. Qd3+ Re4 78.
Kh6 Kf4 79. Qf1+ Kg3 80. Qg1+ Kf3 81. Qh1+ Kf4 82. Kh5 Re5+ 83. Kh4 Re4 84. Qg1
Ke5 85. Kg5 Rd4 86. Qa1 Kd5 87. Qc3 Rc4 88. Qa5+ Kc6 89. Qa6+ Kc5 90. Kf5 Kb4
91. Qb6+ Kc3 92. Ke5 Rb4 93. Qe3+ Kc4 94. Kd6 Kb5 95. Kd5 Ka4 96. Kc5 Rb5+ 97.
Kc6 Rb4 98. Qc3 g3 99. Qxg3 Rc4+ 100. Kd5 Rb4 101. Qc3 Rb5+ 102. Kc6 Rb6+ 103.
Kc7 Rb4 104. Qd3 Rb3 105. Qd5 Ka3 106. Kc6 Ka4 107. Qc4+ Ka3 108. Kc5 Kb2 109.
Qe2+ Ka3 110. Qe5 Ka2 111. Kc4 Ka3 112. Qa1# 1-0

[Event "Francia ch 2007 Femenino"]
[Site "Aix-les-Bains FRA"]
[Date "2007.08.13"]
[Round "2.3"]
[White "Leconte, Maria"]
[Black "Wohlers-Armas, Friederike"]
[Result "1-0"]
[WhiteElo "2352"]
[BlackElo "2120"]
[PlyCount "77"]
[EventDate "2007.08.13"]
[EventType "tourn"]
[EventRounds "11"]
[EventCountry "FRA"]
[Source "lmi"]
[SourceDate "2007.08.13"]

1. e4 c5 2. Nf3 Nc6 3. d4 cxd4 4. Nxd4 Nf6 5. Nc3 d6 6. g3 g6 7. Nde2 Bg4 8.
Bg2 Ne5 9. f4 Nc4 10. h3 Bxe2 11. Qxe2 Qc7 12. O-O Bg7 13. b3 Qc5+ 14. Kh2 Ng4+
15. hxg4 Bxc3 16. Rb1 Nb6 17. Be3 Qc7 18. Rbd1 O-O-O 19. Rf3 Bg7 20. Qf2 Kb8
21. c4 Qc6 22. e5 h5 23. g5 h4 24. exd6 hxg3+ 25. Kxg3 e5 26. Bxb6 axb6 27.
Rfd3 Qd7 28. Qxb6 exf4+ 29. Kf2 f3 30. Rxf3 Rh2 31. Qc7+ Ka8 32. Qa5+ Kb8 33.
Qc7+ Ka8 34. Re3 Rhh8 35. c5 Rh3 36. Bxh3 f5 37. b4 Qe7 38. Rxe7 Bh6 39. Bg2
1-0

[Event "Francia ch 2007 Femenino"]
[Site "Aix-les-Bains FRA"]
[Date "2007.08.13"]
[Round "2.4"]
[White "Collas, Silvia"]
[Black "Fruteau, Sabine"]
[Result "1-0"]
[WhiteElo "2393"]
[BlackElo "2170"]
[PlyCount "75"]
[EventDate "2007.08.13"]
[EventType "tourn"]
[EventRounds "11"]
[EventCountry "FRA"]
[Source "lmi"]
[SourceDate "2007.08.13"]

1. Nf3 Nf6 2. d4 g6 3. Nc3 Bg7 4. e4 d6 5. h3 O-O 6. Be3 c6 7. Qd2 Qa5 8. Bd3
Nbd7 9. Bh6 e5 10. Bxg7 Kxg7 11. O-O-O b5 12. Kb1 Qb6 13. dxe5 dxe5 14. g4 Re8
15. Nh4 Nc5 16. Nf5+ Bxf5 17. exf5 b4 18. g5 bxc3 19. gxf6+ Kxf6 20. Qxc3 Na4
21. Qb3 Rab8 22. fxg6 hxg6 23. Be4 Qa5 24. Qf3+ Kg7 25. Rd7 Rxb2+ 26. Kc1 Rf8
27. Bxg6 Rb1+ 28. Kxb1 Nc3+ 29. Kc1 Nxa2+ 30. Kd1 Nc3+ 31. Ke1 Nd5+ 32. Kf1 Nf4
33. Be4 Rb8 34. Kg1 Rh8 35. Bf5 Kf6 36. Bg4 Qb5 37. Qe4 Rg8 38. Qf5+ 1-0

[Event "Francia ch 2007 Femenino"]
[Site "Aix-les-Bains FRA"]
[Date "2007.08.13"]
[Round "2.5"]
[White "Congiu, Mathilde"]
[Black "Flear, Christine"]
[Result "1-0"]
[WhiteElo "2159"]
[BlackElo "2161"]
[PlyCount "136"]
[EventDate "2007.08.13"]
[EventType "tourn"]
[EventRounds "11"]
[EventCountry "FRA"]
[Source "lmi"]
[SourceDate "2007.08.13"]

1. e4 c5 2. c3 Nf6 3. e5 Nd5 4. Nf3 e6 5. Bc4 d6 6. O-O Be7 7. d4 cxd4 8. cxd4
Nb6 9. Bb3 O-O 10. Qe2 Nc6 11. Nc3 dxe5 12. dxe5 Nd4 13. Nxd4 Qxd4 14. Rd1 Qc5
15. Qe4 Bd7 16. Be3 Qc7 17. Qg4 Rfd8 18. Qg3 Bc6 19. Re1 Nd7 20. Bh6 Bf8 21. h4
Kh8 22. Bg5 Re8 23. Bc2 h5 24. Rad1 g6 25. Qf4 Kg8 26. g4 Bg7 27. Rxd7 Qxd7 28.
gxh5 Rf8 29. Rd1 Qc7 30. Bf6 Rfd8 31. Bxg7 Rxd1+ 32. Nxd1 Kxg7 33. Qf6+ Kh6 34.
Bxg6 Rg8 35. Qg5+ Kg7 36. h6+ Kf8 37. h7 fxg6 38. hxg8=Q+ Kxg8 39. Qxg6+ Kh8
40. Qh6+ Kg8 41. Qxe6+ Kh7 42. Qf5+ Kh8 43. Qf6+ Kh7 44. h5 Qd7 45. Ne3 Qd2 46.
h6 Qc1+ 47. Nf1 Qxh6 48. Qxh6+ Kxh6 49. f4 a5 50. Kf2 Bd5 51. a3 b5 52. Ne3 Be4
53. Ng4+ Kg6 54. Ke3 Bc6 55. Nf2 Kf5 56. Nd3 Bd5 57. b4 axb4 58. axb4 Bc6 59.
Nc5 Bg2 60. Nb3 Bf1 61. Nd4+ Kg6 62. f5+ Kg5 63. e6 Kf6 64. Kf4 Bd3 65. Ke3 Bf1
66. Ke4 Bc4 67. Nc2 Be2 68. Ne3 Ke7 1-0

[Event "Francia ch 2007 Femenino"]
[Site "Aix-les-Bains FRA"]
[Date "2007.08.13"]
[Round "2.6"]
[White "Benmesbah, Natacha"]
[Black "Milliet, Sophie"]
[Result "0-1"]
[WhiteElo "2220"]
[BlackElo "2414"]
[PlyCount "82"]
[EventDate "2007.08.13"]
[EventType "tourn"]
[EventRounds "11"]
[EventCountry "FRA"]
[Source "lmi"]
[SourceDate "2007.08.13"]

1. e4 c5 2. Nf3 e6 3. b3 b6 4. d4 cxd4 5. Nxd4 Bb7 6. Nb5 Nc6 7. Nd6+ Bxd6 8.
Qxd6 Qf6 9. c3 Nge7 10. Be2 Qg6 11. O-O Qxe4 12. Bf3 Qg6 13. Ba3 O-O-O 14. Nd2
Nf5 15. Qf4 e5 16. Qc4 d5 17. Qg4 Kb8 18. c4 Ncd4 19. Qxg6 hxg6 20. Bb2 dxc4
21. Bxd4 Nxd4 22. bxc4 Bxf3 23. Nxf3 Nxf3+ 24. gxf3 Rh4 25. Rfe1 f6 26. Rac1
Rc8 27. Re4 Rxe4 28. fxe4 Rc5 29. Rc3 Kc7 30. Rg3 g5 31. h4 Rxc4 32. hxg5 Rxe4
33. gxf6 gxf6 34. Rg7+ Kb8 35. Rf7 Rf4 36. Kf1 b5 37. Ke2 a5 38. Ke3 a4 39. Rd7
b4 40. Rg7 Rc4 41. Kd3 Rc3+ 0-1

[Event "Francia ch 2007 Femenino"]
[Site "Aix-les-Bains FRA"]
[Date "2007.08.15"]
[Round "3.1"]
[White "Milliet, Sophie"]
[Black "Muller, Anne"]
[Result "1-0"]
[WhiteElo "2414"]
[BlackElo "2179"]
[PlyCount "73"]
[EventDate "2007.08.13"]
[EventType "tourn"]
[EventRounds "11"]
[EventCountry "FRA"]
[Source "lmi"]
[SourceDate "2007.08.13"]

1. e4 c5 2. Nf3 d6 3. d4 cxd4 4. Nxd4 Nf6 5. Nc3 Nc6 6. Bg5 e6 7. Qd2 Be7 8.
O-O-O Nxd4 9. Qxd4 O-O 10. f4 Qa5 11. Kb1 h6 12. h4 e5 13. Qd3 exf4 14. Bxf4
Be6 15. Be2 Rac8 16. Nd5 Bxd5 17. exd5 Qb4 18. c4 b5 19. Qb3 Qxb3 20. axb3 Ne4
21. Rde1 g5 22. hxg5 hxg5 23. Be3 Ng3 24. Bd4 Nxh1 25. Rxh1 f6 26. Bd3 bxc4 27.
bxc4 a5 28. Bc3 a4 29. Rh5 Rb8 30. Bf5 Rfe8 31. Be6+ Kg7 32. Rxg5+ Kh6 33. Rg3
Bf8 34. Bxf6 Rb7 35. Bf5 Re1+ 36. Ka2 Rb3 37. Rg6+ 1-0

[Event "Francia ch 2007 Femenino"]
[Site "Aix-les-Bains FRA"]
[Date "2007.08.15"]
[Round "3.2"]
[White "Flear, Christine"]
[Black "Benmesbah, Natacha"]
[Result "1/2-1/2"]
[WhiteElo "2161"]
[BlackElo "2220"]
[PlyCount "111"]
[EventDate "2007.08.13"]
[EventType "tourn"]
[EventRounds "11"]
[EventCountry "FRA"]
[Source "lmi"]
[SourceDate "2007.08.13"]

1. d4 Nf6 2. c4 c5 3. d5 e6 4. Nc3 exd5 5. cxd5 d6 6. Nf3 g6 7. Bf4 a6 8. a4
Qe7 9. h3 Nbd7 10. e3 Bg7 11. Be2 O-O 12. O-O Nh5 13. Bh2 f5 14. Nd2 Nhf6 15.
Nc4 Ne8 16. a5 Rb8 17. Na4 Ne5 18. Rb1 Nxc4 19. Bxc4 Be5 20. Nxc5 Bxh2+ 21.
Kxh2 Qh4 22. Rc1 dxc5 23. d6+ Kh8 24. d7 Bxd7 25. Qxd7 Nf6 26. Qc7 Ne4 27. Rcd1
Rbd8 28. Rd5 Rxd5 29. Bxd5 Qd8 30. Qe5+ Qf6 31. Qxf6+ Rxf6 32. Bxb7 Nd2 33. Ra1
Rd6 34. Kg3 Kg7 35. Kh2 Kf6 36. Rd1 Ke7 37. Kh1 Nc4 38. Rxd6 Kxd6 39. Bxa6 Nxb2
40. Kg1 c4 41. Kf1 Kc5 42. Bc8 Nd3 43. Ke2 Nb4 44. f4 Kb5 45. Be6 c3 46. g4
fxg4 47. hxg4 Na6 48. g5 Nc5 49. Bd5 Kxa5 50. e4 c2 51. Kd2 Nd3 52. Kxc2 Nxf4
53. Bg8 Nh3 54. Bxh7 Nxg5 55. Bxg6 Nxe4 56. Bxe4 1/2-1/2

[Event "Francia ch 2007 Femenino"]
[Site "Aix-les-Bains FRA"]
[Date "2007.08.15"]
[Round "3.3"]
[White "Fruteau, Sabine"]
[Black "Congiu, Mathilde"]
[Result "1/2-1/2"]
[WhiteElo "2170"]
[BlackElo "2159"]
[PlyCount "66"]
[EventDate "2007.08.13"]
[EventType "tourn"]
[EventRounds "11"]
[EventCountry "FRA"]
[Source "lmi"]
[SourceDate "2007.08.13"]

1. e4 e5 2. Nf3 Nc6 3. Bb5 a6 4. Ba4 Nf6 5. Bxc6 dxc6 6. d3 Bc5 7. Be3 Bxe3 8.
fxe3 Qe7 9. O-O Bg4 10. Nbd2 O-O-O 11. Nc4 Nd7 12. Qe1 f6 13. a4 Be6 14. Qc3
Bxc4 15. Qxc4 Qc5 16. Qxc5 Nxc5 17. a5 Ne6 18. Ra4 c5 19. Nd2 Rd7 20. Rfa1 Kb8
21. Rc4 Ka7 22. Nb3 b6 23. axb6+ cxb6 24. Rca4 Nc7 25. d4 cxd4 26. exd4 exd4
27. Rxd4 Rxd4 28. Nxd4 Re8 29. Re1 Ne6 30. Nxe6 Rxe6 31. Kf2 Kb7 32. Rd1 Kc7
33. Kf3 Re5 1/2-1/2

[Event "Francia ch 2007 Femenino"]
[Site "Aix-les-Bains FRA"]
[Date "2007.08.15"]
[Round "3.4"]
[White "Wohlers-Armas, Friederike"]
[Black "Collas, Silvia"]
[Result "0-1"]
[WhiteElo "2120"]
[BlackElo "2393"]
[PlyCount "65"]
[EventDate "2007.08.13"]
[EventType "tourn"]
[EventRounds "11"]
[EventCountry "FRA"]
[Source "lmi"]
[SourceDate "2007.08.13"]

1. d4 Nf6 2. c4 e6 3. Nc3 Bb4 4. a3 Bxc3+ 5. bxc3 c5 6. e3 d6 7. Bd3 Nc6 8. Ne2
O-O 9. O-O b6 10. Ng3 Na5 11. e4 Ne8 12. d5 Ba6 13. Qe2 Nb3 14. Ra2 Nxc1 15.
Rxc1 e5 16. a4 g6 17. Rca1 Bc8 18. a5 bxa5 19. Qc2 h5 20. Rxa5 a6 21. Qb1 Ng7
22. Rb5 f5 23. Rb8 Rxb8 24. Qxb8 h4 25. Nf1 Qf6 26. Qb2 Nh5 27. exf5 Nf4 28.
Be2 Qxf5 29. Qd2 Qg5 30. Bf3 e4 31. Bxe4 Nh3+ 32. Kh1 Nxf2+ 33. Kg1 0-1

[Event "Francia ch 2007 Femenino"]
[Site "Aix-les-Bains FRA"]
[Date "2007.08.15"]
[Round "3.5"]
[White "Nicoara, Malina"]
[Black "Leconte, Maria"]
[Result "0-1"]
[WhiteElo "2216"]
[BlackElo "2352"]
[PlyCount "88"]
[EventDate "2007.08.13"]
[EventType "tourn"]
[EventRounds "11"]
[EventCountry "FRA"]
[Source "lmi"]
[SourceDate "2007.08.13"]

1. d4 Nf6 2. c4 e6 3. g3 Bb4+ 4. Bd2 Qe7 5. Bg2 c5 6. Bxb4 cxb4 7. Nf3 O-O 8.
O-O d6 9. Qb3 a5 10. a3 Na6 11. axb4 Nxb4 12. Nc3 e5 13. Rxa5 Rxa5 14. Qxb4 Qd8
15. dxe5 dxe5 16. Rd1 Nd7 17. Nd5 Re8 18. h4 Ra8 19. Ng5 Nf6 20. Nxf6+ Qxf6 21.
Ne4 Qg6 22. c5 Qa6 23. Nd6 Rd8 24. Bd5 Qxe2 25. Re1 Qd3 26. Bxf7+ Kf8 27. Bc4
Qd4 28. Nb5 Qd2 29. Qxd2 Rxd2 30. Nc7 Ra4 31. Bd5 Rxb2 32. Rxe5 Bd7 33. Ne6+
Bxe6 34. Bxe6 g6 35. h5 Rd4 36. hxg6 hxg6 37. Re3 Rdd2 38. Rf3+ Ke7 39. Bc4
Rdc2 40. Rf7+ Ke8 41. Rf4 g5 42. Bf7+ Ke7 43. Rf5 Rb5 44. Bh5 Rcxc5 0-1

[Event "Francia ch 2007 Femenino"]
[Site "Aix-les-Bains FRA"]
[Date "2007.08.15"]
[Round "3.6"]
[White "Guichard, Pauline"]
[Black "Lallemand, Roza"]
[Result "1-0"]
[WhiteElo "2278"]
[BlackElo "2235"]
[PlyCount "79"]
[EventDate "2007.08.13"]
[EventType "tourn"]
[EventRounds "11"]
[EventCountry "FRA"]
[Source "lmi"]
[SourceDate "2007.08.13"]

1. d4 g6 2. c4 Bg7 3. e4 d6 4. Nc3 Nc6 5. Be3 e5 6. d5 Nce7 7. g4 Nf6 8. f3 O-O
9. Nh3 Ne8 10. Nf2 f5 11. Nd3 c6 12. Be2 cxd5 13. cxd5 Bd7 14. O-O f4 15. Bf2
h5 16. h3 Bf6 17. Kg2 Nc8 18. Qb3 Bh4 19. Rac1 Bxf2 20. Nxf2 Qh4 21. Rg1 b6 22.
Bb5 Nf6 23. Kf1 hxg4 24. hxg4 a6 25. Bc6 Ra7 26. Ke2 Qh7 27. Rh1 Qg7 28. Nb1
Qf7 29. Nd2 Bxc6 30. Rxc6 Nd7 31. Qc2 Ra8 32. Rc7 Na7 33. a4 Rac8 34. g5 Qe8
35. Ng4 Qd8 36. Rxc8 Qxc8 37. Qd1 Kg7 38. Rh6 Rf7 39. Qh1 Qg8 40. Rxg6+ 1-0

[Event "Francia ch 2007 Femenino"]
[Site "Aix-les-Bains FRA"]
[Date "2007.08.16"]
[Round "4.1"]
[White "Milliet, Sophie"]
[Black "Flear, Christine"]
[Result "1/2-1/2"]
[WhiteElo "2414"]
[BlackElo "2161"]
[PlyCount "78"]
[EventDate "2007.08.13"]
[EventType "tourn"]
[EventRounds "11"]
[EventCountry "FRA"]
[Source "lmi"]
[SourceDate "2007.08.13"]

1. e4 c5 2. Nf3 e6 3. d4 cxd4 4. Nxd4 a6 5. Nc3 Qc7 6. Be2 Nf6 7. O-O Nc6 8.
Be3 Bb4 9. Na4 Be7 10. Nxc6 bxc6 11. Nb6 Rb8 12. Nxc8 Qxc8 13. Bd4 c5 14. Be5
Rb6 15. Qd3 O-O 16. b3 d6 17. Bb2 Nd7 18. f4 Bf6 19. Bxf6 Nxf6 20. Rad1 a5 21.
Bf3 Rd8 22. e5 Ne8 23. Qc3 d5 24. Qxa5 Ra6 25. Qc3 Rxa2 26. Ra1 Rxa1 27. Rxa1
Qc7 28. Be2 g6 29. h3 Ng7 30. Ra5 c4 31. bxc4 dxc4 32. Ra4 Qb6+ 33. Kh2 Nf5 34.
Rxc4 Qf2 35. Qf3 Qe1 36. Bd3 Ne3 37. Re4 Rxd3 38. cxd3 Nf1+ 39. Kg1 Ne3+
1/2-1/2

[Event "Francia ch 2007 Femenino"]
[Site "Aix-les-Bains FRA"]
[Date "2007.08.16"]
[Round "4.2"]
[White "Leconte, Maria"]
[Black "Guichard, Pauline"]
[Result "0-1"]
[WhiteElo "2352"]
[BlackElo "2278"]
[PlyCount "60"]
[EventDate "2007.08.13"]
[EventType "tourn"]
[EventRounds "11"]
[EventCountry "FRA"]
[Source "lmi"]
[SourceDate "2007.08.13"]

1. e4 c5 2. Nf3 Nc6 3. c3 Nf6 4. e5 Nd5 5. d4 cxd4 6. cxd4 e6 7. a3 d6 8. Bd3
Qc7 9. O-O Bd7 10. Qe2 Rc8 11. Nc3 Nxc3 12. bxc3 dxe5 13. dxe5 Bc5 14. Rb1 Ne7
15. Ng5 Ng6 16. Re1 Be7 17. Nf3 O-O 18. h4 Bc6 19. h5 Bxf3 20. gxf3 Nh4 21. Qe4
g6 22. Rxb7 Qxc3 23. Rd1 Qxe5 24. Bb2 Qxh5 25. Kf1 Bc5 26. Be2 Nf5 27. f4 Qh2
28. Qf3 Nh4 29. Qg3 Qh1+ 30. Qg1 Qxb7 0-1

[Event "Francia ch 2007 Femenino"]
[Site "Aix-les-Bains FRA"]
[Date "2007.08.16"]
[Round "4.3"]
[White "Collas, Silvia"]
[Black "Nicoara, Malina"]
[Result "1-0"]
[WhiteElo "2393"]
[BlackElo "2216"]
[PlyCount "97"]
[EventDate "2007.08.13"]
[EventType "tourn"]
[EventRounds "11"]
[EventCountry "FRA"]
[Source "lmi"]
[SourceDate "2007.08.13"]

1. e4 c5 2. Nf3 Nc6 3. d4 cxd4 4. Nxd4 g6 5. c4 Bg7 6. Be3 Nf6 7. Nc3 d6 8. Be2
O-O 9. O-O Bd7 10. Qd2 Nxd4 11. Bxd4 Bc6 12. f3 Nd7 13. Be3 a5 14. b3 Nc5 15.
Rab1 Qb6 16. Rfc1 Qb4 17. Rc2 Rfc8 18. Qc1 Qb6 19. Bf1 Qd8 20. a3 Qf8 21. b4
axb4 22. axb4 Na4 23. Ne2 b6 24. Nd4 Bd7 25. Rb3 e6 26. Qd2 Qe7 27. Ra2 Qe8 28.
Rba3 d5 29. exd5 exd5 30. b5 Nc5 31. cxd5 Rxa3 32. Rxa3 Ra8 33. Rxa8 Qxa8 34.
Nc6 Qa1 35. g4 Qb1 36. Bf2 h6 37. Qf4 Bf8 38. Kg2 Qc2 39. Qc7 Bxg4 40. fxg4
Qe4+ 41. Kg1 Qxg4+ 42. Qg3 Qd1 43. Qg2 Kh7 44. Ne5 Kg7 45. Nc4 f5 46. Ne3 Qb1
47. Qg3 Ne4 48. Nxf5+ Kf6 49. Bd4+ 1-0

[Event "Francia ch 2007 Femenino"]
[Site "Aix-les-Bains FRA"]
[Date "2007.08.16"]
[Round "4.4"]
[White "Congiu, Mathilde"]
[Black "Wohlers-Armas, Friederike"]
[Result "1/2-1/2"]
[WhiteElo "2159"]
[BlackElo "2120"]
[PlyCount "50"]
[EventDate "2007.08.13"]
[EventType "tourn"]
[EventRounds "11"]
[EventCountry "FRA"]
[Source "lmi"]
[SourceDate "2007.08.13"]

1. e4 c5 2. c3 Qa5 3. Nf3 Nc6 4. Bc4 b5 5. Bd5 e6 6. Qe2 Be7 7. O-O Qb6 8. Bxc6
Qxc6 9. d4 Ba6 10. Ne5 Qb7 11. Qh5 g6 12. Qf3 f6 13. Nd3 cxd4 14. cxd4 f5 15.
Nd2 Nf6 16. Re1 O-O 17. exf5 Qxf3 18. Nxf3 gxf5 19. Nfe5 d6 20. Nc6 Kf7 21. Nf4
Bc8 22. Bd2 Bd7 23. Rac1 Rfc8 24. Nxe7 Kxe7 25. f3 Rxc1 1/2-1/2